| 000 | 00498nam a2200193Ia 4500 | ||
|---|---|---|---|
| 003 | GCL | ||
| 008 | 140319s9999 xx 000 0 eng d | ||
| 040 |
_aGCL / _cGCL |
||
| 082 | 0 | 4 |
_a770 _bB W |
| 100 | 1 | _aBROTHERS CARALINE | |
| 245 | 1 | 0 |
_aWAR AND PHOTOGRAPHY: A CULTURAL HISTORY / _cBROTHERS CARALINE |
| 260 |
_a[S.N] : _bROUTLEDGE ، _c1997 |
||
| 300 | _a271 P | ||
| 650 | 0 | 4 | _aARTS |
| 650 | 0 | 4 | _aPHOTOGRAPHY |
| 650 | 0 | 4 | _aWAR PHOTOGRAPHY |
| 650 | 0 | 4 | _aART AND PHOTOGRAPHY |
| 942 |
_2ddc _cBK |
||
| 999 |
_c16229 _d16229 |
||